Normal view
MARC view
- DICTIONARY OF MANAGEMENT. MANAGEMENT-DICTIONARY
Entry Topical Term
001 - CONTROL NUMBER
- control field: 59280
003 - CONTROL NUMBER IDENTIFIER
- control field: NUST
005 - DATE AND TIME OF LATEST TRANSACTION
- control field: 20210628202316.0
008 - FIXED-LENGTH DATA ELEMENTS
- fixed length control field: 210628|| aca||aabn | a|a d
040 ## - CATALOGING SOURCE
- Original cataloging agency: NUST
- Transcribing agency: NUST
150 ## - HEADING--TOPICAL TERM
- Topical term or geographic name entry element: DICTIONARY OF MANAGEMENT. MANAGEMENT-DICTIONARY
670 ## - SOURCE DATA FOUND
- Source citation: Work cat.: (NUST): Singh.S.R 59279, Dictionary of management, 2015
